[Event "Lansing (MOR/4/18)"]
[Site "?"]
[Date "1996.??.??"]
[Round "?"]
[White "Hencir, Edward"]
[Black "Eck, J."]
[Result "1-0"]
[WhiteElo "1680"]
[BlackElo "1605"]
[PlyCount "109"]
[EventDate "1996.??.??"]

{4/(18)} 1. d4 d5 2. e3 Nf6 3. Nf3 c6 4. Nbd2 Bf5 5. Be2 h6 6. O-O e6 7. Ne5
Nbd7 8. f4 Nxe5 9. fxe5 Ne4 10. Nxe4 Bxe4 11. Bd3 Bxd3 12. Qxd3 c5 13. c3 c4
14. Qe2 Kd7 15. Rxf7+ Kc6 16. Bd2 Rc8 17. Raf1 Rc7 18. Qg4 Qe8 19. e4 b5 20.
exd5+ Kxd5 21. Qh5 Kc6 22. Qf3+ Kb6 23. Rxf8 Rxf8 24. Qxf8 Qd7 25. Be3 Kb7 26.
Qf3+ Ka6 27. Qf8 Kb7 28. Qb4 g5 29. a4 a6 30. axb5 axb5 31. Qf8 Qh7 32. Qb4 Rc6
33. Qxb5+ Kc7 34. Qb4 Kd7 35. Qf8 Ra6 36. Rf7+ Qxf7 37. Qxf7+ Kc8 38. Qf8+ Kd7
39. Qxh6 Ra1+ 40. Kf2 g4 41. Qg7+ Kc6 42. Qxg4 Kd7 43. Kg3 Rb1 44. d5 Rxb2 45.
Qxe6+ Kc7 46. d6+ Kc6 47. Qxc4+ Kd7 48. Bd4 Rb8 49. Qc7+ Ke6 50. Qxb8 Kd7 51.
Kf3 Ke6 52. Kf4 Kf7 53. Kf5 Kg7 54. e6+ Kh7 55. Qh8# 1-0

[Event "Lansing (MOR/6/16)"]
[Site "?"]
[Date "1996.??.??"]
[Round "?"]
[White "Hencir, Edward"]
[Black "Brauker, J."]
[Result "1-0"]
[WhiteElo "1680"]
[BlackElo "1605"]
[PlyCount "71"]
[EventDate "1996.??.??"]

{6/(16)} 1. d4 Nf6 2. e3 b6 3. Nf3 Bb7 4. Nbd2 e6 5. Be2 Be7 6. O-O d6 7. c4
Nbd7 8. Re1 O-O 9. Qc2 c5 10. h3 cxd4 11. exd4 Rc8 12. b3 b5 13. a3 bxc4 14.
bxc4 d5 15. c5 Qc7 16. Rb1 Ba8 17. Bd3 Rb8 18. Rxb8 Rxb8 19. Nf1 Qb7 20. Ng3
Qb3 21. Nd2 Qxc2 22. Bxc2 Bd8 23. Nf3 Ba5 24. Bd2 Bxd2 25. Nxd2 Rb2 26. Rc1 Bc6
27. Nf3 Bb5 28. c6 Nb6 29. c7 Bd7 30. a4 Nc4 31. Bd3 Rb4 32. a5 Ne8 33. Ne5 Bc8
34. Bxc4 dxc4 35. Nxc4 Nf6 36. Nd6 1-0

[Event "Lansing (MOR/2/12)"]
[Site "?"]
[Date "1996.??.??"]
[Round "?"]
[White "Hencir, Edward"]
[Black "Boyle, John"]
[Result "1/2-1/2"]
[WhiteElo "1680"]
[BlackElo "1605"]
[PlyCount "76"]
[EventDate "1996.??.??"]

{2/(12)} 1. d4 Nf6 2. e3 g6 3. Nf3 Bg7 4. Nbd2 O-O 5. Be2 d6 6. O-O c5 7. c3
Nc6 8. a3 a5 9. Qc2 Rb8 10. Kh1 b5 11. Ne4 Bf5 12. Nxf6+ Bxf6 13. Bd3 Bg4 14.
Qe2 b4 15. h3 Be6 16. Be4 d5 17. Bb1 bxc3 18. bxc3 Rb3 19. Bd2 cxd4 20. cxd4
Qd6 21. Rc1 Rfb8 22. Qe1 Bd7 23. Rc5 e5 24. Bc2 exd4 25. Rxc6 Bxc6 26. Bxb3
dxe3 27. Bxe3 Bxa1 28. Qxa1 Rxb3 29. Ne5 d4 30. Bxd4 Rxa3 31. Qb2 Ra4 32. Be3
Rb4 33. Qa1 Be4 34. Qxa5 Rb1+ 35. Kh2 f6 36. Qa2+ Kg7 37. Qf7+ Kh8 38. Qe8+ Kg7
1/2-1/2

[Event "Flint (MI Ch Spon/3)"]
[Site "?"]
[Date "1996.??.??"]
[Round "?"]
[White "Hemingway, D."]
[Black "Poniatowski, Don"]
[Result "1-0"]
[WhiteElo "1665"]
[BlackElo "1605"]
[PlyCount "74"]
[EventDate "1996.??.??"]

1. d4 Nf6 2. Nc3 d5 3. e4 dxe4 4. f3 Nc6 5. Be3 e6 6. fxe4 Bb4 7. a3 Bxc3+ 8.
bxc3 a6 9. Bd3 b6 10. Nf3 Bb7 11. O-O Ne7 12. e5 Nfd5 13. Bg5 Nxc3 14. Qe1 Ncd5
15. Qh4 h6 16. c4 Qd7 17. cxd5 Bxd5 18. Rac1 Ng6 19. Bxg6 fxg6 20. Nd2 Rf8 21.
Rxf8+ Kxf8 22. Be3 Rc8 23. Qg4 Qe8 24. Nf3 c6 25. Rf1 Ke7 26. Rb1 b5 27. a4 Kd7
28. axb5 axb5 29. Ne1 Ra8 30. Nd3 g5 31. Nc5+ Kc7 32. h4 Qe7 33. hxg5 hxg5 34.
Bxg5 Qf7 35. Rf1 Qg6 36. Bd8+ Kxd8 37. Qxg6 Ra2 1-0

[Event "Howell (US Am N/1/7)"]
[Site "?"]
[Date "1996.??.??"]
[Round "?"]
[White "Helle, Frank"]
[Black "Nixon, Peter"]
[Result "1-0"]
[WhiteElo "2025"]
[BlackElo "1605"]
[PlyCount "31"]
[EventDate "1996.??.??"]

{1/(7)} 1. d4 d5 2. c4 c6 3. Nf3 Nf6 4. Nc3 e6 5. Bg5 Be7 6. e3 Nbd7 7. Bd3 O-O
8. O-O b6 9. Rc1 Bb7 10. cxd5 cxd5 11. Bb1 Rc8 12. Qd3 g6 13. h4 h5 14. Bh6 Re8
15. Ng5 Bd6 16. Nxf7 1-0

[Event "Howell (US Am N/3/6)"]
[Site "?"]
[Date "1996.??.??"]
[Round "?"]
[White "Helle, Frank"]
[Black "Evans Sr., Thomas"]
[Result "1-0"]
[WhiteElo "2025"]
[BlackElo "1870"]
[PlyCount "107"]
[EventDate "1996.??.??"]

{3/(6)} 1. d4 Nf6 2. c4 g6 3. Nc3 Bg7 4. e4 d6 5. Be2 Nc6 6. d5 Ne5 7. f4 Ned7
8. Nf3 Nc5 9. Qc2 a5 10. O-O O-O 11. h3 Nh5 12. Kh2 f5 13. e5 dxe5 14. Nxe5 Nf6
15. Bf3 Nfd7 16. Be3 Nxe5 17. fxe5 Bxe5+ 18. Kh1 Nd7 19. Rae1 Bg7 20. Bf4 Nf6
21. Nb5 Ne8 22. Re2 Nd6 23. a4 Bd7 24. Rfe1 Re8 25. Qb3 Bxb5 26. axb5 Qd7 27.
c5 Qxb5 28. Qxb5 Nxb5 29. d6 cxd6 30. cxd6 Nd4 31. Rxe7 Rxe7 32. dxe7 Re8 33.
Bd5+ Kh8 34. Bf7 Rxe7 35. Rxe7 Bf6 36. Be5 Bxe5 37. Rxe5 Kg7 38. Bc4 b6 39.
Re7+ Kf6 40. Rb7 Ke5 41. Rxb6 Kf4 42. Ra6 Kg3 43. Rxa5 f4 44. b4 h5 45. b5 g5
46. b6 g4 47. hxg4 hxg4 48. b7 Nf5 49. Rxf5 f3 50. b8=Q+ Kf2 51. gxf3 gxf3 52.
Qb2+ Ke1 53. Re5+ Kd1 54. Bb3# 1-0

[Event "Howell (US Am N/4/1)"]
[Site "?"]
[Date "1996.??.??"]
[Round "?"]
[White "Helle, Frank"]
[Black "Calton, Bill"]
[Result "0-1"]
[WhiteElo "2025"]
[BlackElo "2160"]
[PlyCount "34"]
[EventDate "1996.??.??"]

{4/(1)} 1. d4 d5 2. c4 Nc6 3. Nf3 Bg4 4. e3 e5 5. dxe5 d4 6. Be2 Bb4+ 7. Kf1
dxe3 8. Bxe3 Qxd1+ 9. Bxd1 O-O-O 10. Nbd2 Nge7 11. a3 Bxd2 12. Nxd2 Nxe5 13. f3
Be6 14. Be2 Nf5 15. Kf2 Rhe8 16. Rhd1 Nxe3 17. Kxe3 Nxc4+ 0-1

[Event "Howell (US Am N/6/19)"]
[Site "?"]
[Date "1996.??.??"]
[Round "?"]
[White "Haygood, Norman"]
[Black "Walquist, Elaine"]
[Result "1/2-1/2"]
[WhiteElo "1605"]
[BlackElo "1750"]
[PlyCount "50"]
[EventDate "1996.??.??"]

{6/(19)} 1. e4 c6 2. c4 d5 3. cxd5 cxd5 4. exd5 Qxd5 5. Nc3 Qa5 6. Bb5+ Bd7 7.
Bxd7+ Nxd7 8. d4 Ngf6 9. Nge2 e6 10. O-O Bd6 11. Be3 Bxh2+ 12. Kxh2 Qh5+ 13.
Kg1 Ng4 14. Bf4 g5 15. Bd6 e5 16. Re1 Qh2+ 17. Kf1 Qh1+ 18. Ng1 Nh2+ 19. Ke2
Qxg2 20. Qd3 Qg4+ 21. Kd2 f6 22. Nd5 Kf7 23. Rac1 h5 24. dxe5 fxe5 25. Qc4 Qxc4
1/2-1/2

[Event "Detroit (Class C/5/6)"]
[Site "?"]
[Date "1996.??.??"]
[Round "?"]
[White "Haygood, Norman"]
[Black "Serwatowski, Felix"]
[Result "1-0"]
[WhiteElo "1605"]
[BlackElo "1605"]
[PlyCount "87"]
[EventDate "1996.??.??"]

{5/(6)} 1. e4 e5 2. Nf3 Nc6 3. d4 exd4 4. Bc4 Qe7 5. O-O d6 6. e5 dxe5 7. Nxe5
Nxe5 8. Re1 Bd7 9. f4 O-O-O 10. Rxe5 Qf6 11. Qe1 Bd6 12. Re2 Bc5 13. Kh1 Nh6
14. c3 Rhe8 15. cxd4 Rxe2 16. Qxe2 Qxd4 17. Qf1 Bf5 18. Nc3 Ng4 19. h3 Nf2+ 20.
Kh2 Ne4 21. Nxe4 Bxe4 22. Bxf7 Qf6 23. Bc4 Bd6 24. Qf2 Qg6 25. Be3 b6 26. a4
Be7 27. a5 Bh4 28. g3 Bf6 29. axb6 axb6 30. Be6+ Kb8 31. f5 Qe8 32. Qf4 Bb7 33.
Bxb6 Qe7 34. Re1 Rd2+ 35. Qxd2 cxb6 36. Qf4+ Ka7 37. Ra1+ Ba6 38. Qa4 Qb7 39.
Bd5 b5 40. Bxb7 bxa4 41. Bxa6 Kxa6 42. Rxa4+ Kb5 43. b3 Kc5 44. Kg2 1-0

[Event "Howell (US Am N/1/12)"]
[Site "?"]
[Date "1996.??.??"]
[Round "?"]
[White "Haygood, Norman"]
[Black "Poenisch, Volker"]
[Result "0-1"]
[WhiteElo "1605"]
[BlackElo "1970"]
[PlyCount "100"]
[EventDate "1996.??.??"]

{1/(12)} 1. e4 e5 2. Nf3 Nc6 3. d4 exd4 4. Bc4 Nf6 5. e5 d5 6. Bb5 Ne4 7. Nxd4
Bc5 8. O-O Bd7 9. Nxc6 bxc6 10. Bd3 O-O 11. Nd2 f5 12. exf6 Nxf2 13. Rxf2 Rxf6
14. Nf3 Qe8 15. Bg5 Rf8 16. Qe1 h6 17. Bh4 Qh5 18. Kh1 Bxf2 19. Bxf2 Rae8 20.
Qd2 Bg4 21. Nd4 c5 22. Nb5 c4 23. Bf1 c6 24. Nd4 Re7 25. Nxc6 Ref7 26. Kg1 Rxf2
27. Qxd5+ Qxd5 28. Ne7+ Kh8 29. Nxd5 Be2 30. Bxe2 Rxe2 31. Rf1 Rxf1+ 32. Kxf1
Rxc2 33. Ne3 Rxb2 34. Nxc4 Rxa2 35. Ne3 a5 36. Ke1 Kg8 37. Kd1 Kf7 38. Nc2 Ke6
39. Kd2 Ke5 40. Kc3 Rxc2+ 41. Kxc2 Ke4 42. Kb3 Ke3 43. Ka4 Kf2 44. Kxa5 Kxg2
45. Kb5 Kxh2 46. Kc5 g5 47. Kd4 g4 48. Ke3 g3 49. Kf3 g2 50. Ke4 g1=Q 0-1

[Event "Howell (US Am N/3/22)"]
[Site "?"]
[Date "1996.??.??"]
[Round "?"]
[White "Haygood, Norman"]
[Black "Nicolli, Randy"]
[Result "0-1"]
[WhiteElo "1605"]
[BlackElo "1785"]
[PlyCount "88"]
[EventDate "1996.??.??"]

{3/(22)} 1. e4 e6 2. d4 d5 3. e5 f5 4. Nf3 g6 5. c4 Ne7 6. Nc3 Bg7 7. Bg5 c6 8.
cxd5 exd5 9. Bd3 O-O 10. O-O h6 11. Bxe7 Qxe7 12. Re1 Be6 13. Qd2 Nd7 14. Bc2
Rf7 15. Ne2 g5 16. Qd3 g4 17. Nd2 Qg5 18. g3 h5 19. Nf4 Nf8 20. Nb3 b6 21. Qe3
Bh6 22. Rac1 Qe7 23. Ng6 Qg5 24. Qxg5 Bxg5 25. Nf4 Rc8 26. Bd3 h4 27. Rc3 Bxf4
28. gxf4 Ng6 29. Rec1 Ne7 30. Kg2 Rg7 31. Be2 Kh8 32. Rg1 Ng6 33. Kf1 Nxf4 34.
Ba6 Rcc7 35. a4 Nh3 36. Rg2 f4 37. f3 g3 38. Ke2 Ng5 39. Bd3 Bh3 40. Rg1 gxh2
41. Rh1 Nxf3 42. Kxf3 Bg2+ 43. Kxf4 Bxh1 44. Be2 Bg2 0-1

[Event "Detroit (Class C/4/9)"]
[Site "?"]
[Date "1996.??.??"]
[Round "?"]
[White "Haygood, Norman"]
[Black "Khraizat, Ali"]
[Result "1/2-1/2"]
[WhiteElo "1605"]
[BlackElo "1605"]
[PlyCount "60"]
[EventDate "1996.??.??"]

{4/(9)} 1. e4 e6 2. c4 Nc6 3. Nf3 e5 4. d4 exd4 5. Nxd4 Nxd4 6. Qxd4 Qf6 7. e5
Qc6 8. Be3 b6 9. Qd5 Bb7 10. Qxc6 Bxc6 11. Nc3 d6 12. exd6 Bxd6 13. O-O-O Ne7
14. Rg1 O-O-O 15. g3 Bb4 16. Be2 Kb8 17. Kc2 Nf5 18. a3 Nxe3+ 19. fxe3 Bc5 20.
Rgf1 Rxd1 21. Nxd1 Be4+ 22. Kc3 f6 23. b4 Bd6 24. Nf2 Bg6 25. Nd3 Bxd3 26. Bxd3
c5 27. b5 g6 28. Be4 Rd8 29. Bd5 Rd7 30. Kd3 Be5 1/2-1/2

[Event "Howell (US Am N/5/25)"]
[Site "?"]
[Date "1996.??.??"]
[Round "?"]
[White "Haygood, Norman"]
[Black "Evans Sr., Thomas"]
[Result "1-0"]
[WhiteElo "1605"]
[BlackElo "1870"]
[PlyCount "101"]
[EventDate "1996.??.??"]

{5/(25)} 1. e4 e6 2. c4 c5 3. Nf3 Nc6 4. d4 cxd4 5. Nxd4 Bc5 6. Nb3 Nf6 7. Nxc5
Qa5+ 8. Nc3 Qxc5 9. Be3 Qb4 10. Qc2 Ng4 11. Bc1 O-O 12. Be2 Nd4 13. Qd3 Nxe2
14. Qxe2 Ne5 15. O-O Qxc4 16. Qxc4 Nxc4 17. b3 Nb6 18. Nb5 e5 19. Ba3 d6 20.
Bxd6 Rd8 21. Bxe5 Bg4 22. f3 Bd7 23. Nd6 Bc6 24. Rfd1 g6 25. Rd2 Rd7 26. Rad1
Re7 27. Bf6 Re6 28. e5 Nd7 29. Ne4 Nxe5 30. Rd8+ Rxd8 31. Rxd8+ Be8 32. Bxe5
Rxe5 33. Nf6+ Kf8 34. Nd7+ Ke7 35. Rxe8+ Kxe8 36. Nxe5 Ke7 37. Kf2 Ke6 38. f4
f6 39. Nd3 Kd5 40. Ke3 a5 41. a4 g5 42. fxg5 fxg5 43. g4 h6 44. Nf2 Kc5 45. Kd3
Kd5 46. Ne4 b6 47. Nf6+ Ke5 48. Ng8 h5 49. gxh5 Kf5 50. Ne7+ Ke6 51. h6 1-0

[Event "Detroit (Class C/1/11)"]
[Site "?"]
[Date "1996.??.??"]
[Round "?"]
[White "Haygood, Norman"]
[Black "Belill, Matt"]
[Result "0-1"]
[WhiteElo "1605"]
[BlackElo "1605"]
[PlyCount "44"]
[EventDate "1996.??.??"]

{1/(11)} 1. e4 e5 2. Nf3 Nc6 3. d4 exd4 4. Bc4 Qe7 5. O-O d6 6. Nxd4 Ne5 7. Bb3
Be6 8. Nxe6 fxe6 9. f4 Nd7 10. Qh5+ g6 11. Qg4 Nc5 12. f5 Bg7 13. fxe6 Nf6 14.
Qh3 Rf8 15. Bg5 Ncxe4 16. Bxf6 Bxf6 17. c3 d5 18. Bxd5 Qc5+ 19. Kh1 Nf2+ 20.
Rxf2 Qxf2 21. Na3 Bxc3 22. Rg1 Bd4 0-1

[Event "Detroit (Class B/3/8)"]
[Site "?"]
[Date "1996.??.??"]
[Round "?"]
[White "Hayes, P."]
[Black "Zubatch, Steve"]
[Result "0-1"]
[WhiteElo "1635"]
[BlackElo "1720"]
[PlyCount "60"]
[EventDate "1996.??.??"]

{3/(8)} 1. e4 g6 2. d4 Bg7 3. Nf3 d6 4. Be2 Nf6 5. Nc3 O-O 6. Be3 e5 7. dxe5
dxe5 8. Nxe5 Nxe4 9. Nxe4 Bxe5 10. c3 Re8 11. Bf3 Bg7 12. Qb3 c6 13. Rd1 Qe7
14. O-O Be6 15. Qc2 Bf5 16. Bf4 Na6 17. g4 Bxe4 18. Qe2 Bxf3 19. Qxf3 Qe2 20.
Qh3 Rad8 21. Rb1 Re4 22. Rfe1 Qxe1+ 23. Rxe1 Rxe1+ 24. Kg2 Re2 25. Be3 Rd3 26.
g5 Rdxe3 27. Qc8+ Re8 28. Qxb7 Nb8 29. h4 a6 30. a4 R2e4 0-1

[Event "Detroit (Class B/4/11)"]
[Site "?"]
[Date "1996.??.??"]
[Round "?"]
[White "Hayes, P."]
[Black "Lobb, K."]
[Result "1-0"]
[WhiteElo "1635"]
[BlackElo "1680"]
[PlyCount "71"]
[EventDate "1996.??.??"]

{4/(11)} 1. e4 e6 2. d4 d5 3. e5 c5 4. c3 Nc6 5. a3 Qb6 6. Nf3 cxd4 7. cxd4 Bd7
8. b4 a6 9. Bb2 Na7 10. Nc3 Rc8 11. Be2 Nb5 12. Na4 Qa7 13. O-O Ne7 14. Nc5 Bc6
15. a4 Nc7 16. b5 b6 17. Nxa6 Nxa6 18. bxa6 Ng6 19. Bb5 Bb4 20. Rc1 Ne7 21. Qb3
Ba5 22. Ba3 Qd7 23. Rc2 O-O 24. Bxe7 Qxe7 25. Rxc6 Rxc6 26. Bxc6 Qc7 27. Bb7 h6
28. Qb5 Rd8 29. Qc6 Qb8 30. Rc1 Rf8 31. Qd6 Qa7 32. Rc8 Rxc8 33. Bxc8 Kh7 34.
Qd7 Qxd7 35. Bxd7 b5 36. a7 1-0

[Event "Ann Arbor (Ann Arbor Open, U2000/2)"]
[Site "?"]
[Date "1996.??.??"]
[Round "?"]
[White "Hawley, T."]
[Black "Morris, Jewell"]
[Result "0-1"]
[WhiteElo "1760"]
[BlackElo "1895"]
[PlyCount "86"]
[EventDate "1996.??.??"]

{2000/(2)} 1. e4 c6 2. d4 d5 3. exd5 cxd5 4. Bd3 Nc6 5. Be3 Nf6 6. Nf3 Nb4 7.
O-O Nxd3 8. Qxd3 Bg4 9. Nbd2 e6 10. Ne5 Bf5 11. Qb5+ Nd7 12. c4 dxc4 13. Ndxc4
Be4 14. Rac1 a6 15. Qxd7+ Qxd7 16. Nxd7 b5 17. Nce5 f6 18. Nxf8 Rxf8 19. Nf3
Rf7 20. Rc5 Rd7 21. Rfc1 Kd8 22. Nd2 Bd5 23. b3 h6 24. f3 h5 25. Ne4 b4 26. Kf2
a5 27. Kg3 a4 28. Nd2 axb3 29. axb3 Ra3 30. Rb5 Bxb3 31. Rxb4 Bd5 32. Bf4 g5
33. Bb8 Ra2 34. Ne4 h4+ 35. Kh3 Ke7 36. g4 Kd8 37. Nxf6 Bxf3 38. Rg1 Ra3 39.
Bg3 Rf7 40. Rb8+ Ke7 41. Ng8+ Kd7 42. Rc1 hxg3 43. Kxg3 Bd5+ 0-1

[Event "Eastpointe (EDO/1/7)"]
[Site "?"]
[Date "1996.??.??"]
[Round "?"]
[White "Hater, David"]
[Black "Wozniak, J."]
[Result "1-0"]
[WhiteElo "1955"]
[BlackElo "1605"]
[PlyCount "51"]
[EventDate "1996.??.??"]

{1/(7)} 1. e4 c5 2. Nf3 d6 3. c3 Nf6 4. Be2 Nc6 5. d4 cxd4 6. cxd4 e6 7. Nc3 d5
8. e5 Ne4 9. Bd3 Bb4 10. Qc2 Qa5 11. Bd2 Nxd2 12. Qxd2 Bd7 13. O-O O-O 14. Rfe1
Rac8 15. Re3 Qb6 16. Qd1 f5 17. exf6 Rxf6 18. Ne5 Nxe5 19. dxe5 Rf7 20. Qh5 Bc5
21. Qxh7+ Kf8 22. Qh8+ Ke7 23. Qh4+ Kf8 24. Re2 Bd4 25. Nd1 Qc7 26. Qxd4 1-0

[Event "Eastpointe (EDO/4/1)"]
[Site "?"]
[Date "1996.??.??"]
[Round "?"]
[White "Hater, David"]
[Black "Thompson, Dexter"]
[Result "0-1"]
[WhiteElo "1955"]
[BlackElo "2305"]
[PlyCount "66"]
[EventDate "1996.??.??"]

{4/(1)} 1. e4 e5 2. Nf3 Nc6 3. d4 exd4 4. Bc4 Bc5 5. Ng5 Nh6 6. Nxf7 Bb4+ 7. c3
Nxf7 8. cxb4 O-O 9. b5 Nce5 10. Qxd4 Qf6 11. Bxf7+ Rxf7 12. Be3 c5 13. bxc6
dxc6 14. f4 Qh4+ 15. g3 Nf3+ 16. Kf2 Nxd4 17. gxh4 Nc2 18. Nc3 Nxa1 19. Rxa1
Bg4 20. Rg1 Be6 21. f5 Rd8 22. Bg5 Rd3 23. Rg3 Bc4 24. b3 Ba6 25. Rxd3 Bxd3 26.
Ke3 Bf1 27. h5 h6 28. Bh4 b6 29. Kf4 Rd7 30. e5 Rd4+ 31. Kg3 Rd3+ 32. Kf2 Rxc3
33. Kxf1 Rf3+ 0-1

[Event "Cadillac Open/3/7"]
[Site "?"]
[Date "1996.??.??"]
[Round "?"]
[White "Hater, David"]
[Black "Revnell, Joseph"]
[Result "1-0"]
[WhiteElo "2000"]
[BlackElo "1605"]
[PlyCount "34"]
[EventDate "1996.??.??"]

{3/7} 1. e4 c5 2. Nf3 e6 3. d4 cxd4 4. Nxd4 Bc5 5. Nb3 Qb6 6. Nxc5 Qxc5 7. Nc3
a6 8. Qg4 g6 9. Be3 Qb4 10. O-O-O Nc6 11. Qf4 e5 12. Qg5 Qe7 13. Qg3 Nf6 14.
Bg5 O-O 15. Nd5 Qc5 16. Bxf6 d6 17. Qg5 Qxf2 1-0

[Event "Lansing (MI Op/4/8)"]
[Site "?"]
[Date "1996.??.??"]
[Round "?"]
[White "Hater, David"]
[Black "Rajlich, Vasik"]
[Result "0-1"]
[WhiteElo "1970"]
[BlackElo "2235"]
[PlyCount "42"]
[EventDate "1996.??.??"]

{4/(8)} 1. e4 c5 2. Nf3 d6 3. c3 Nf6 4. Be2 g6 5. O-O Bg7 6. Re1 O-O 7. Bf1 Bg4
8. h3 Bxf3 9. Qxf3 Nc6 10. Qd1 Nd7 11. f4 a6 12. Re3 b5 13. Rg3 c4 14. Na3 Nc5
15. Qf3 Qb6 16. Kh1 f5 17. d3 cxd3 18. Bxd3 Ne5 19. fxe5 fxe4 20. Bxe4 Nxe4 21.
Qxe4 Rf1+ 0-1

[Event "Detroit (Class A/5/1)"]
[Site "?"]
[Date "1996.??.??"]
[Round "?"]
[White "Hater, David"]
[Black "Poenisch, Volker"]
[Result "1/2-1/2"]
[WhiteElo "1900"]
[BlackElo "1940"]
[PlyCount "33"]
[EventDate "1996.??.??"]

{5/(1)} 1. e4 e5 2. Nf3 Nc6 3. d4 exd4 4. Bc4 Nf6 5. O-O Bc5 6. e5 d5 7. exf6
dxc4 8. Re1+ Be6 9. Ng5 Qd5 10. Nc3 Qf5 11. Nce4 Bf8 12. Nxe6 fxe6 13. Ng5 gxf6
14. Nxe6 Kf7 15. Nxd4 Nxd4 16. Qxd4 b5 17. Be3 1/2-1/2

[Event "Detroit (Class A/4/3)"]
[Site "?"]
[Date "1996.??.??"]
[Round "?"]
[White "Hater, David"]
[Black "Lubben, Don"]
[Result "1-0"]
[WhiteElo "1900"]
[BlackElo "1880"]
[PlyCount "115"]
[EventDate "1996.??.??"]

{4/(3)} 1. e4 e6 2. Nf3 d5 3. Nc3 Nf6 4. e5 Nfd7 5. d4 c5 6. Bg5 Qa5 7. Bb5 a6
8. Bxd7+ Bxd7 9. O-O Nc6 10. Re1 b5 11. Ne2 Qb6 12. c3 c4 13. Qd2 b4 14. Qf4 h6
15. Qh4 Be7 16. Bxe7 Nxe7 17. Qg4 Nf5 18. Nh4 g5 19. Nxf5 exf5 20. Qh5 Be6 21.
f4 gxf4 22. Nxf4 O-O-O 23. Qf3 Rd7 24. Red1 Rb7 25. Nxd5 Bxd5 26. Qxd5 bxc3 27.
bxc3 Qb2 28. Qxc4+ Kb8 29. Qxa6 Rg8 30. Qd6+ Ka7 31. Qd5 Qxc3 32. Rab1 Rgb8 33.
Rxb7+ Rxb7 34. Qc5+ Qxc5 35. dxc5 Rb2 36. Rd7+ Kb8 37. Rxf7 Rxa2 38. Rxf5 Re2
39. Kf1 Re4 40. Kf2 Kc7 41. Rh5 Kc6 42. Kf3 Re1 43. Rxh6+ Kxc5 44. Ra6 Kd5 45.
Ra8 Ke6 46. g4 Rb1 47. Kf4 Rb4+ 48. Kg5 Kxe5 49. Re8+ Kd6 50. h4 Kd7 51. Re1
Rb5+ 52. Kg6 Rb6+ 53. Kh5 Rf6 54. g5 Rf4 55. g6 Rf2 56. Kh6 Rg2 57. g7 Rg4 58.
h5 1-0

[Event "Lansing (MI Op/6/10)"]
[Site "?"]
[Date "1996.??.??"]
[Round "?"]
[White "Hater, David"]
[Black "LaMar, Frank"]
[Result "1/2-1/2"]
[WhiteElo "1970"]
[BlackElo "2165"]
[PlyCount "81"]
[EventDate "1996.??.??"]

{6/(10)} 1. e4 c5 2. Nf3 d6 3. c3 Nf6 4. Be2 Nc6 5. d4 cxd4 6. cxd4 Nxe4 7. d5
Ne5 8. Nc3 Nxc3 9. bxc3 a6 10. Nxe5 dxe5 11. O-O g6 12. Be3 Bg7 13. Qb3 O-O 14.
Rac1 Qc7 15. Bf3 Bf5 16. Qb4 Bd3 17. Rfd1 e4 18. Bc5 Rfe8 19. g3 a5 20. Qa3
Rac8 21. Be3 Qc4 22. Bg4 f5 23. Bh3 Qxd5 24. Bf1 b5 25. Qxa5 Ra8 26. c4 Rxa5
27. cxd5 Bxf1 28. Kxf1 Rxa2 29. d6 exd6 30. Rxd6 b4 31. Rb6 Bc3 32. Rd1 Rb2 33.
Rb7 Ra8 34. Bh6 Rba2 35. Rdd7 Rc2 36. Bg7 Rd2 37. Rdc7 e3 38. Bxc3 Rxf2+ 39.
Kg1 bxc3 40. Rg7+ Kf8 41. Rgf7+ 1/2-1/2

[Event "Lansing (MI Op/2/18)"]
[Site "?"]
[Date "1996.??.??"]
[Round "?"]
[White "Hater, David"]
[Black "Koster, Ed"]
[Result "1-0"]
[WhiteElo "1970"]
[BlackElo "2130"]
[PlyCount "90"]
[EventDate "1996.??.??"]

{2/(18)} 1. e4 Nf6 2. Nc3 d5 3. e5 Ne4 4. Nxe4 dxe4 5. f3 Qd5 6. Qe2 Bf5 7.
Qb5+ Qxb5 8. Bxb5+ c6 9. Ba4 e6 10. fxe4 Bxe4 11. Nf3 Bc5 12. c3 Bd3 13. Bd1
Na6 14. Be2 O-O-O 15. Bxd3 Rxd3 16. Ke2 Rd7 17. d4 Be7 18. Rf1 c5 19. a3 h6 20.
Be3 Rhd8 21. Nd2 Bf8 22. Ne4 Rc7 23. Rad1 cxd4 24. Rxd4 Rxd4 25. Bxd4 b5 26.
Nd6+ Kb8 27. Nxf7 Be7 28. Nd6 Bxd6 29. exd6 Rd7 30. Rf8+ Kb7 31. Rg8 g5 32. Rg6
Rxd6 33. Rxh6 Nc7 34. Rh7 Rd5 35. Bxa7 Kxa7 36. Rxc7+ Kb6 37. Re7 Kc5 38. Rxe6
Kc4 39. Re4+ Kb3 40. Rb4+ Kc2 41. Kf2 Rf5+ 42. Kg3 Kd3 43. h4 gxh4+ 44. Kxh4
Ke3 45. g4 Rc5 1-0

[Event "Lansing (MI Op/7/11)"]
[Site "?"]
[Date "1996.??.??"]
[Round "?"]
[White "Hater, David"]
[Black "Haluska, James"]
[Result "1-0"]
[WhiteElo "1970"]
[BlackElo "2110"]
[PlyCount "54"]
[EventDate "1996.??.??"]

{7/(11)} 1. e4 c5 2. Nf3 Nc6 3. Be2 d6 4. c3 Nf6 5. d4 Nxe4 6. d5 Nxf2 7. Kxf2
Nb8 8. Kf1 e5 9. dxe6 fxe6 10. Kg1 Be7 11. Bb5+ Bd7 12. Bxd7+ Nxd7 13. Qe2 e5
14. Qc4 Nb6 15. Qb5+ Qd7 16. Qxd7+ Kxd7 17. Bg5 Bf6 18. Nbd2 d5 19. Rd1 Ke6 20.
Bh4 Rhf8 21. Ng5+ Bxg5 22. Bxg5 h6 23. Bh4 g5 24. Bf2 d4 25. Ne4 Rfe8 26. Re1
Rad8 27. cxd4 cxd4 1-0

[Event "Cadillac Open/1b/5"]
[Site "?"]
[Date "1996.??.??"]
[Round "?"]
[White "Hater, David"]
[Black "Evans Sr., Thomas"]
[Result "1-0"]
[WhiteElo "2000"]
[BlackElo "1605"]
[PlyCount "54"]
[EventDate "1996.??.??"]

1. e4 e6 2. Nf3 d5 3. Nc3 Nf6 4. e5 Nfd7 5. Ne2 Nc6 6. d4 Be7 7. Ng3 a6 8. c3
O-O 9. Bd3 f6 10. Qc2 f5 11. Bd2 Nb6 12. Ne2 Nc4 13. O-O-O Nxd2 14. Nxd2 Na7
15. g4 c5 16. dxc5 Bxc5 17. gxf5 exf5 18. f4 Be3 19. Rhf1 Qa5 20. Kb1 Be6 21.
Nb3 Qa4 22. Ned4 Bxd4 23. Nxd4 Qxc2+ 24. Bxc2 Rfe8 25. Nxe6 Rxe6 26. Bxf5 Re7
27. Rg1 g6 {[Remainder illegible; 1-0, 40?]} 1-0

[Event "Cadillac Open/4/3"]
[Site "?"]
[Date "1996.??.??"]
[Round "?"]
[White "Hater, David"]
[Black "Estlick, Laurence"]
[Result "0-1"]
[WhiteElo "2000"]
[BlackElo "1965"]
[PlyCount "104"]
[EventDate "1996.??.??"]

{4/3} 1. e4 e6 2. Nf3 d5 3. Nc3 Nf6 4. e5 Nfd7 5. Ne2 c5 6. c3 Nc6 7. d4 Qb6 8.
a3 Na5 9. b4 cxb4 10. cxb4 Nc4 11. Ng3 Qc6 12. Bd3 Ndb6 13. O-O Bd7 14. Nh5 Na4
15. Bg5 Ncb2 16. Qe2 Nxd3 17. Qxd3 Qc3 18. Qe2 a6 19. Rfc1 Bb5 20. Rxc3 Bxe2
21. Rc7 Rb8 22. Rac1 Nb6 23. R1c5 Bb5 24. Nd2 Bxc5 25. bxc5 Nd7 26. Nxg7+ Kf8
27. Bh6 Ke7 28. Bg5+ Kf8 29. Bf6 Rg8 30. Nh5 Rg4 31. Nb3 Re4 32. h3 Nxf6 33.
Nxf6 Re1+ 34. Kh2 Kg7 35. Na5 b6 36. Nb7 bxc5 37. dxc5 Rxe5 38. Nd7 Bxd7 39.
Rxd7 Re2 40. Kg3 Rc2 41. Re7 Rxb7 42. Rxb7 Rxc5 43. Rb3 a5 44. Kf4 Kf6 45. Rf3
e5+ 46. Kg4+ Ke6 47. Kg5 d4 48. Rf6+ Ke7 49. Ra6 Rd5 50. Ra7+ Rd7 51. Rxa5 e4
52. Kf4 d3 0-1

[Event "Detroit (Class B/2/5)"]
[Site "?"]
[Date "1996.??.??"]
[Round "?"]
[White "Hartwig, Thomas"]
[Black "Walquist, Elaine"]
[Result "0-1"]
[WhiteElo "1670"]
[BlackElo "1710"]
[PlyCount "78"]
[EventDate "1996.??.??"]

{2/(5)} 1. e4 c6 2. d4 d5 3. Nc3 dxe4 4. Nxe4 Bf5 5. Ng3 Bg6 6. Nf3 Nf6 7. h4
h6 8. Ne5 Bh7 9. Bc4 e6 10. Qe2 Nd5 11. Qh5 Qe7 12. Bd3 Bxd3 13. Nxd3 Nd7 14.
Ne4 N7f6 15. Qe5 Nxe4 16. Qxe4 Nf6 17. Qe2 O-O-O 18. c3 Qc7 19. Bf4 Bd6 20.
Bxd6 Rxd6 21. O-O Qe7 22. Nc5 Nd5 23. Qg4 f5 24. Qg3 b6 25. Nd3 g5 26. hxg5
hxg5 27. Ne5 Nf4 28. Rfe1 Qh7 29. f3 Rd5 30. Rad1 c5 31. Kf2 Rg8 32. dxc5 Rxd1
33. Rxd1 Qc7 34. Nd7 Rg7 35. cxb6 axb6 36. Rd4 Rxd7 37. Qxg5 Rxd4 38. cxd4 Nd3+
39. Ke3 Qc1+ 0-1

[Event "Ann Arbor (Ann Arbor Open, U2000/1)"]
[Site "?"]
[Date "1996.??.??"]
[Round "?"]
[White "Hartwig, Thomas"]
[Black "Vandivier, Don"]
[Result "0-1"]
[WhiteElo "1750"]
[BlackElo "1935"]
[PlyCount "78"]
[EventDate "1996.??.??"]

{2000/(1)} 1. e4 c5 2. Nf3 d6 3. d4 cxd4 4. Nxd4 Nf6 5. Nc3 a6 6. Bg5 e6 7. f4
Be7 8. Qf3 Qc7 9. O-O-O Nbd7 10. g4 h6 11. Bxf6 Bxf6 12. Bg2 g5 13. f5 Bxd4 14.
Rxd4 Ne5 15. Qe2 Ke7 16. Rhd1 Rd8 17. Rf1 b5 18. fxe6 Bxe6 19. Nd5+ Bxd5 20.
Rxd5 Rac8 21. Qf2 Kf8 22. c3 b4 23. Qf6 bxc3 24. Qxh6+ Kg8 25. Qxg5+ Ng6 26.
Qf6 cxb2+ 27. Kxb2 Qc2+ 28. Ka1 Rd7 29. Qb2 Qxb2+ 30. Kxb2 Rb7+ 31. Ka3 Rc3+
32. Ka4 Rc2 33. Ka3 Rxg2 34. Rxd6 Ne5 35. Rc1 Rxg4 36. Rxa6 Rxe4 37. h4 Nc4+
38. Ka4 Nb2+ 39. Ka3 Re3+ 0-1